Karl Malden Filmography - Statistics

General Stats
  • This quiz has been taken 5 times
  • The average score is 7 of 100
Answer Stats
Type Year Name % Correct
Theater 1947-1949 A Streetcar Named Desire
75%
Film 1951 A Streetcar Named Desire
75%
Film 1954 On the Waterfront
75%
Film 1962 How the West Was Won
50%
Film 1961 One-Eyed Jacks
50%
Commercial 1970s-1980s American Express
25%
Film 1967 Billion Dollar Brain
25%
Film 1947 Boomerang
25%
Film 1964 Cheyenne Autumn
25%
Film 1964 Dead Ringer
25%
TV Mini-Series 1984 Fatal Vision
25%
Film 1962 Gypsy
25%
Film 1967 Hotel
25%
Film 1953 I Confess
25%
TV Film 1981 Miracle on Ice
25%
Film 1966 Nevada Smith
25%
Film 1961 Parrish
25%
Film 1950 The Gunfighter
25%
Film 1959 The Hanging Tree
25%
TV Show 1972-1977 The Streets of San Francisco
25%
Film 1947 13 Rue Madeleine
0%
TV Film 1991 Absolute Strangers
0%
TV Film 1985 Alice in Wonderland
0%
Film 1962 All Fall Down
0%
Theater 1947 All My Sons
0%
TV Show 1950 Armstrong Circle Theatre
0%
Film 1956 Baby Doll
0%
TV Film 1992 Back to the Streets of San Francisco
0%
Film 1979 Beyond the Poseidon Adventure
0%
Film 1986 Billy Galvin
0%
Documentary Series 1995 Biography
0%
Film 1962 Birdman of Alcatraz
0%
Film 1968 Blue
0%
Film 1957 Bombers B-52
0%
TV Film 1990 Call Me Anna
0%
TV Film 1977 Captains Courageous
0%
TV Show 1952 Celanese Theatre
0%
Film 1963 Come Fly with Me
0%
Theater 1943 Counterattack
0%
Theater 1952 Desire Under the Elms
0%
Film 1952 Diplomatic Courier
0%
Documentary 1992 Earth and the American Dream
0%
Film 1957 Fear Strikes Out
0%
Theater 1940-1941 Flight to the West
0%
Theater 1937-1938 Golden Boy
0%
Film 1951 Halls of Montezuma
0%
Film 1968 Hot Millions
0%
Theater 1938 How to Get Tough About It
0%
Theater 1940 Journey to Jerusalem
0%
Theater 1939-1940 Key Largo
0%
Film 1947 Kiss of Death
0%
Film 1979 Meteor
0%
Theater 1938 Missouri Legend
0%
Film 1966 Murderers' Row
0%
TV Film 1988 My Father, My Son
0%
Film 1987 Nuts
0%
Film 1952 Operation Secret
0%
Documentary 1992 Oscar's Greatest Moments
0%
Film 1970 Patton
0%
Theater 1951 Peer Gynt
0%
Film 1954 Phantom of the Rue Morgue
0%
Film 1960 Pollyanna
0%
Film 1952 Ruby Gentry
0%
TV Show 1980 Skag
0%
Theater 1943 Sons and Soldiers
0%
Film 1972 Summertime Killer
0%
Film 1953 Take the High Ground!
0%
Theater 1953-1955 Tea and Sympathy
0%
Film 1967 The Adventures of Bullwhip Griffin
0%
Theater 1945 The Assassin
0%
Radio Series 1952 Theatre Guild on the Air
0%
Film 1971 The Cat o' Nine Tails
0%
Film 1965 The Cincinnati Kid
0%
Theater 1955 The Desperate Hours
0%
Theater 1957 The Egghead
0%
TV Show 1949 The Ford Theatre Hour
0%
Theater 1939 The Gentle People
0%
Film 1961 The Great Impostor
0%
TV Film 1989 The Hijacking of the Achille Lauro
0%
TV Show 1998 The Lionhearts
0%
TV Show 1973 The Mike Douglas Show
0%
Film 1952 The Sellout
0%
Film 1983 The Sting II
0%
Theater 1942 The Sun Field
0%
TV Show 2000 The West Wing
0%
Film 1940 They Knew What They Wanted
0%
TV Film 1993 They've Taken Our Children: The Chowchilla Kidnapping
0%
Film 1957 Time Limit
0%
Theater 1946 Truckline Cafe
0%
Film 1982 Twilight Time
0%
Theater 1942-1943 Uncle Harry
0%
Documentary Series 1987 Unsolved Mysteries
0%
TV Film 1993 Vanished Without a Trace
0%
TV Documentary 1990 Warner Bros. Celebration of Tradition, June 2, 1990
0%
Film 1950 Where the Sidewalk Ends
0%
Film 1971 Wild Rovers
0%
Theater 1943-1944 Winged Victory
0%
Film 1944 Winged Victory
0%
TV Film 1984 With Intent to Kill
0%
TV Film 1981 Word of Honor
0%
No matching quizzes found
Score Distribution
Percent of People with Each Score
Percentile by Number Answered
Your Score History
You have not taken this quiz